000 01167nam a22003135i 4500
001 13620
003 ES-MaACL
005 20230906150626.0
007 t|
008 930903s1993 sp ||||0| spa
020 _a84-7789-079-X
080 _a329(460.287)"1931/39"
080 _a332.021.8(460)"1931/39":63
080 _a338.43(460.287)"1931/39"
100 1 _aOtero Ochaíta, Josefa.
_987916
245 1 0 _aModernización e inmovilismo en La Mancha de Ciudad Real (1931-1936) /
_cJosefa Otero Ochaíta.
250 _a1ª ed.
260 _aCiudad Real :
_bDiputación, Area de Cultura,
_c1993.
300 _a455 p. :
_bgráf. ;
_c21 cm.
490 1 _aBiblioteca de autores y temas manchegos ;
_v80
504 _aBibliografía: p. 427-451.
650 1 4 _aPartidos políticos-
_zCiudad Real (Provincia)-
_y1931-1939.
_915863
650 _aReforma agraria-
_zEspaña-
_y1931-1939.
_916720
651 4 _aCiudad Real (Provincia)-
_xSituación agraria-
_y1931-1939.
_98068
710 1 _aCiudad Real (Provincia).
_bDiputación.
_92843
830 1 _aBiblioteca de autores y temas manchegos ;
_v80
_9227960
852 _aES-MaACL
_jL-20917
999 _c13620
_d13620